<?xml version="1.0" encoding="UTF-8"?>
<record
    xmlns:xsi="http://www.w3.org/2001/XMLSchema-instance"
    xsi:schemaLocation="http://www.loc.gov/MARC21/slim http://www.loc.gov/standards/marcxml/schema/MARC21slim.xsd"
    xmlns="http://www.loc.gov/MARC21/slim">

  <leader>01118nam a2200289 a 4500</leader>
  <controlfield tag="001">162</controlfield>
  <controlfield tag="003">BR-CuiBMT</controlfield>
  <controlfield tag="005">20231114212626.0</controlfield>
  <controlfield tag="008">230823s2009    bab           000 0 por d</controlfield>
  <datafield tag="020" ind1=" " ind2=" ">
    <subfield code="a">8577611817</subfield>
  </datafield>
  <datafield tag="040" ind1=" " ind2=" ">
    <subfield code="a">BR-CuiBMT</subfield>
    <subfield code="c">BR-CuiBMT</subfield>
  </datafield>
  <datafield tag="080" ind1=" " ind2=" ">
    <subfield code="2">2007</subfield>
    <subfield code="a">347.922</subfield>
    <subfield code="x">(079.1)</subfield>
  </datafield>
  <datafield tag="090" ind1=" " ind2=" ">
    <subfield code="a">347.922(079.1)</subfield>
    <subfield code="b">V677a</subfield>
    <subfield code="c">2. ed.</subfield>
  </datafield>
  <datafield tag="100" ind1="1" ind2=" ">
    <subfield code="a">Vigliar, Jos&#xE9; Marcelo Menezes</subfield>
  </datafield>
  <datafield tag="245" ind1="1" ind2="0">
    <subfield code="a">A&#xE7;&#xF5;es coletivas &#x2013; provas e concursos /</subfield>
    <subfield code="c">Jos&#xE9; Marcelo Menezes Vigliar.</subfield>
  </datafield>
  <datafield tag="246" ind1="1" ind2="4">
    <subfield code="a">A&#xE7;&#xF5;es coletivas:</subfield>
    <subfield code="b">para concursos p&#xFA;blicos</subfield>
  </datafield>
  <datafield tag="250" ind1=" " ind2=" ">
    <subfield code="a">2. ed., rev., ampl. e atual.</subfield>
  </datafield>
  <datafield tag="260" ind1=" " ind2=" ">
    <subfield code="a">[Salvador] :</subfield>
    <subfield code="b">JusPODIVM,</subfield>
    <subfield code="c">[2009].</subfield>
  </datafield>
  <datafield tag="300" ind1=" " ind2=" ">
    <subfield code="a">292 p. ;</subfield>
    <subfield code="c">23 cm</subfield>
  </datafield>
  <datafield tag="500" ind1=" " ind2=" ">
    <subfield code="a">Edi&#xE7;&#xE3;o retirada da capa.</subfield>
  </datafield>
  <datafield tag="500" ind1=" " ind2=" ">
    <subfield code="a">Aspectos processuais: interesses difusos, coletivos e individuais homog&#xEA;neos. A&#xE7;&#xE3;o civil p&#xFA;blica.  A&#xE7;&#xE3;o popular. Mandado de seguran&#xE7;a. Quest&#xF5;es comentadas. Legisla&#xE7;&#xE3;o pertinente.</subfield>
  </datafield>
  <datafield tag="504" ind1=" " ind2=" ">
    <subfield code="a">Inclui bibliografia.</subfield>
  </datafield>
  <datafield tag="650" ind1=" " ind2=" ">
    <subfield code="a">Concursos p&#xFA;blicos</subfield>
    <subfield code="x">Quest&#xF5;es comentadas</subfield>
  </datafield>
  <datafield tag="650" ind1=" " ind2=" ">
    <subfield code="a">Aspectos processuais</subfield>
    <subfield code="v">Legisla&#xE7;&#xE3;o</subfield>
  </datafield>
  <datafield tag="650" ind1=" " ind2=" ">
    <subfield code="a">A&#xE7;&#xE3;o popular</subfield>
    <subfield code="x">Mandado de seguran&#xE7;a</subfield>
  </datafield>
  <datafield tag="942" ind1=" " ind2=" ">
    <subfield code="2">udc</subfield>
    <subfield code="c">LV</subfield>
  </datafield>
  <datafield tag="952" ind1=" " ind2=" ">
    <subfield code="0">0</subfield>
    <subfield code="1">0</subfield>
    <subfield code="2">udc</subfield>
    <subfield code="4">0</subfield>
    <subfield code="7">0</subfield>
    <subfield code="a">BIBTCEMT</subfield>
    <subfield code="b">BIBTCEMT</subfield>
    <subfield code="d">2019-11-26</subfield>
    <subfield code="l">0</subfield>
    <subfield code="o">347.922(079.1) V677a 2. ed.</subfield>
    <subfield code="p">BIBTCEMT23110557</subfield>
    <subfield code="r">2023-11-14</subfield>
    <subfield code="t">Ex. 1</subfield>
    <subfield code="w">2023-11-14</subfield>
    <subfield code="y">LV</subfield>
  </datafield>
  <datafield tag="999" ind1=" " ind2=" ">
    <subfield code="c">162</subfield>
    <subfield code="d">162</subfield>
  </datafield>
</record>
